| 000 | 00000cas 2200000za 4500 |
| 001 | 9.810093 |
| 003 | CaOODSP |
| 005 | 20260408085813 |
| 007 | cr ||||||||||| |
| 008 | 160128c20149999qucar p o f0 a0eng|d |
| 022 | |a2371-1523 |
| 040 | |aCaOODSP|beng |
| 043 | |an-cn--- |
| 086 | 1 |aEn11-13E-PDF |
| 222 | 0|aCode of practice for the environmental management of road salts |
| 245 | 00|aCode of practice for the environmental management of road salts |h[electronic resource]. |
| 246 | 13|aOverview road salts report ... |
| 246 | 13|aOverview of ... reported data in the context of national targets |
| 260 | |aGatineau, Quebec : |bEnvironment and Climate Change Canada, |c[2016]- |
| 310 | |aAnnual |
| 362 | 1 |aBegan with 2013/2014. |
| 500 | |aIssued also in French under title: Code de pratique pour la gestion environnementale des sels de voirie. |
| 710 | 1 |aCanada. |bEnvironment and Climate Change Canada. |
| 775 | 08|tCode de pratique pour la gestion environnementale des sels de voirie |w(CaOODSP)9.810094 |
| 776 | 0#|tCode of practice for the environmental management of road salts |w(CaOODSP)9.810100 |